Word Ladder: Same Greek-Latin Quiz Stats

Quiz Updated Sep 17, 2017

Challenge
Share
Tweet
Embed
Score 0/15 Timer 02:00
1 Play Today
Clue 4-Letter Word % Correct
Man, in Latin as in '___ Sapiens'HOMO
97.3%
Go to a mallSHOP
95.4%
Prepare meat or vegetables with a cleaverCHOP
93.1%
Slang for fecesPOOP
91.5%
A flower's stalkSTEM
88%
Tony who was the Dallas Cowboys quarterbackROMO
87.7%
Home to a Rhode Island redCOOP
86.9%
Run and play in a lively mannerROMP
80.1%
Clue 4-Letter Word % Correct
Partner of circumstancePOMP
79.7%
An element of a list; a romantically linked pairITEM
63.8%
Noah's firstbornSHEM
62.9%
Phony, fakeSHAM
61.4%
Like racehorse's hoovesSHOD
55.1%
Roe sourceSHAD
50.2%
Same, in Latin, as in '___ quod'IDEM
26.4%

Today's Daily Dose

Missing Word
'F' Science

Word Ladder
Guitar Heroes

Quick Pick
Zambian Borders

On This Day
April 22nd II

You're not logged in!

Compare scores with friends on all Sporcle quizzes.
Sign Up with Email
OR
Log In

You Might Also Like...

Show Comments

Extras

Top Quizzes Today


Score Distribution

Your Account Isn't Verified!

In order to create a playlist on Sporcle, you need to verify the email address you used during registration. Go to your Sporcle Settings to finish the process.

Report this User

Report this user for behavior that violates our Community Guidelines.

Details: